000 00813nam a2200277 i 4500
003 DO-SdBNP
005 20260421083630.0
007 ta
008 260421b2015 dr ||||| |||| 00| 0 spa d
020 _a9781505876765
040 _aDO-SdBNP
_bspa
_cBNPHU
_erda
041 _aspa
082 4 _axxx
_bxxx
_222
100 _aGarcía Bidó, Rafael,
_eautor
_4aut.
_918198
245 1 3 _aEn el farol del frente
250 _aprimera edición
264 1 _aSanto Domingo :
_bEditor no identificado,
_c2015.
300 _a93 páginas ;
_c21 cm.
336 _atexto
_btxt
_2rdacontent
337 _asin mediación
_bn
_2rdamedia
338 _avolumen
_bnc
_2rdacarrier
500 _aIncluye breve biografía del autor en la contracubierta
590 _aInventariado, 2026/BT
910 _aBtavárez
942 _2ddc
_cLBS1
999 _c60590
_d60590